| 000 | 00453nam a22001697a 4500 | ||
|---|---|---|---|
| 003 | MPLRDC | ||
| 005 | 20220104124456.0 | ||
| 008 | 210129b ||||| |||| 00| 0 eng d | ||
| 082 | _a308.9 SNBK v.4 | ||
| 100 | _a曹居东等编著 | ||
| 245 |
_a科学的发现. 四 _c |
||
| 260 |
_a _b中国少年儿童出版社 _c1978 |
||
| 300 | _b平 | ||
| 490 | _a少年百科丛书精选本. 4 | ||
| 650 | _a儿童用科学丛书 | ||
| 942 |
_cBK _o308.9 SNBK v.4 |
||
| 999 |
_c19631 _d19621 |
||